[Event "USA-ch Junior Girls 2019"]
[Site "Saint Louis"]
[Date "2019.07.12"]
[Round "2.3"]
[White "Zilajeva, Veronika"]
[Black "Wu, Rochelle"]
[Result "0-1"]
[WhiteElo "1855"]
[BlackElo "2085"]
[Annotator "NA RC"]
[PlyCount "86"]
[EventDate "2019.07.09"]
[EventType "tourn"]
[EventCountry "USA"]
[SourceTitle "playchess.com"]
[Source "ChessBase"]
[SourceQuality "1"]
[TimeControl "40/5400+30:1800+30"]

1. d4 {[%emt 0:00:00]} Nf6 {[%emt 0:00:00]} 2. c4 {[%emt 0:00:00]} b6 {[%emt 0:00:00]} 3. Nc3 {[%emt 0:00:19]} Bb7 {[%emt 0:00:00]} 4. e3 {[%emt 0:04:01]} e6 {[%emt 0:00:25]} 5. Nf3 {[%emt 0:00:33]} Bb4 {[%emt 0:00:32]} 6. Bd3 {[%emt 0:02:58]} Ne4 {[%emt 0:04:17]} 7. Qc2 {[%emt 0:02:17]} f5 {[%emt 0:02:38]} 8. Bd2 {[%emt 0:12:03]} Bxc3 {[%emt 0:03:00]} 9. Bxc3 {[%emt 0:00:36]} O-O {[%emt 0:00:29]} 10. O-O-O {[%emt 0:07:03]} Qe7 {[%emt 0:03:02]} 11. Ne1 {[%emt 0:04:50]} d5 {[%emt 0:12:41]} 12. f3 {[%emt 0:02:59]} Nf6 {[%emt 0:03:57]} 13. h3 {[%emt 0:10:12]} dxc4 {[%emt 0:04:35]} 14. Bxc4 {[%emt 0:00:32]} Bd5 {[%emt 0:00:03]} 15. Qb3 {[%emt 0:10:32]} c5 {[%emt 0:02:58]} 16. Nc2 {[%emt 0:01:34]} Nbd7 {[%emt 0:11:07]} 17. e4 {[%emt 0:10:46]} fxe4 {[%emt 0:00:29]} 18. fxe4 {[%emt 0:01:25]} Nxe4 {[%emt 0:01:57]} 19. Bxd5 {[%emt 0:00:52]} Qg5+ {[%emt 0:00:06]} 20. Kb1 {[%emt 0:00:13]} Qxd5 {[%emt 0:02:32]} 21. Rhe1 {[%emt 0:03:39]} c4 {[%emt 0:03:11]} 22. Qa4 {[%emt 0:01:06]} Nxc3+ {[%emt 0:01:06]} 23. bxc3 {[%emt 0:00:10]} b5 {[%emt 0:00:50]} 24. Qa3 {[%emt 0:00:28]} a5 {[%emt 0:07:34]} 25. Qe7 {[%emt 0:01:43]} Rfe8 {[%emt 0:00:58]} 26. Qh4 {[%emt 0:00:39]} b4 {[%emt 0:01:04]} 27. Qe4 {[%emt 0:03:18]} Qb5 {[%emt 0:01:07]} 28. Ka1 {[%emt 0:01:32]} Qa4 {[%emt 0:03:00]} 29. Ne3 {[%emt 0:01:14]} b3 {[%emt 0:01:00]} 30. Rd2 {[%emt 0:00:16]} Rab8 {[%emt 0:01:30]} 31. Ng4 {[%emt 0:02:50]} Qa3 {[%emt 0:04:23]} 32. Qe3 {[%emt 0:01:48]} Nb6 {[%emt 0:09:04]} 33. Nh6+ gxh6 {[%emt 0:01:12]} 34. Qg3+ {[%emt 0:02:00]} Kf7 {[%emt 0:02:02]} 35. Rf2+ {[%emt 0:03:42]} Ke7 {[%emt 0:00:10]} 36. Qc7+ {[%emt 0:02:01]} Nd7 {[%emt 0:00:04]} 37. d5 {[%emt 0:00:42]} Rb6 {[%emt 0:02:26]} 38. Ref1 {[%emt 0:01:37]} Rf8 {[%emt 0:01:04]} 39. Rf7+ {[%emt 0:03:39]} Rxf7 {[%emt 0:00:07]} 40. Rxf7+ {[%emt 0:00:00]} Kxf7 {[%emt 0:00:00]} 41. Qxd7+ {[%emt 0:00:31]} Kf6 {[%emt 0:01:19]} 42. Qd8+ {[%emt 0:00:27]} Kf5 {[%emt 0:00:04]} 43. g4+ {[%emt 0:00:49]} Ke4 {[%emt 0:00:05]} 0-1

[Event "USA-ch Junior Girls 2019"]
[Site "Saint Louis"]
[Date "2019.07.12"]
[Round "2.4"]
[White "Bykovtsev, Agata"]
[Black "Yip, Carissa"]
[Result "0-1"]
[WhiteElo "2012"]
[BlackElo "2285"]
[Annotator "ChessBase"]
[PlyCount "100"]
[EventDate "2019.07.09"]
[EventType "tourn"]
[EventCountry "USA"]
[SourceTitle "playchess.com"]
[Source "ChessBase"]
[SourceQuality "1"]
[TimeControl "40/5400+30:1800+30"]

1. e4 {[%emt 0:00:00]} c5 {[%emt 0:00:00]} 2. Nf3 {[%emt 0:00:00]} Nc6 {[%emt 0:00:00]} 3. Nc3 {[%emt 0:00:00]} g6 {[%emt 0:00:00]} 4. Bc4 {[%emt 0:00:00]} Bg7 {[%emt 0:00:00]} 5. O-O {[%emt 0:00:00]} e6 {[%emt 0:00:00]} 6. d4 {[%emt 0:04:03]} Nxd4 {[%emt 0:19:17]} 7. Nxd4 {[%emt 0:00:14]} cxd4 {[%emt 0:00:07]} 8. Nb5 {[%emt 0:01:02]} Qb6 {[%emt 0:00:05]} 9. c3 {[%emt 0:01:58]} Ne7 {[%emt 0:13:37]} 10. Nxd4 {[%emt 0:01:57]} a6 {[%emt 0:00:05]} 11. Bb3 {[%emt 0:05:36]} O-O {[%emt 0:00:58]} 12. Be3 {[%emt 0:02:23]} Qc7 {[%emt 0:00:10]} 13. f4 {[%emt 0:11:10]} Nc6 {[%emt 0:08:55]} 14. f5 {[%emt 0:11:38]} Na5 {[%emt 0:11:43]} 15. f6 {[%emt 0:06:40]} Bh8 {[%emt 0:00:29]} 16. Bh6 {[%emt 0:18:03]} Rd8 {[%emt 0:00:52]} 17. Qf3 {[%emt 0:04:42]} Nxb3 {[%emt 0:12:25]} 18. Nxb3 {[%emt 0:02:32]} d6 {[%emt 0:04:12]} 19. Rad1 {[%emt 0:03:13]} e5 {[%emt 0:00:33]} 20. Nd2 {[%emt 0:05:50]} Be6 {[%emt 0:00:33]} 21. b3 {[%emt 0:06:09]} d5 {[%emt 0:04:35]} 22. exd5 {[%emt 0:00:56]} Rxd5 {[%emt 0:00:35]} 23. Ne4 {[%emt 0:03:46]} Rad8 {[%emt 0:00:31]} 24. c4 {[%emt 0:03:15]} Rxd1 {[%emt 0:03:43]} 25. Rxd1 {[%emt 0:00:01]} Bf5 {[%emt 0:00:05]} 26. Rf1 {[%emt 0:04:05]} Qb6+ {[%emt 0:03:27]} 27. Be3 {[%emt 0:00:51]} Qc6 {[%emt 0:00:07]} 28. Ng3 {[%emt 0:00:55]} Qxf3 {[%emt 0:00:24]} 29. Rxf3 {[%emt 0:01:12]} Rd1+ {[%emt 0:00:06]} 30. Nf1 {[%emt 0:01:29]} Bd3 {[%emt 0:01:11]} 31. Bg5 {[%emt 0:00:13]} e4 {[%emt 0:00:21]} 32. Rf2 {[%emt 0:00:12]} Re1 {[%emt 0:00:13]} 33. Bd2 {[%emt 0:01:21]} Rxf1+ {[%emt 0:01:15]} 34. Rxf1 {[%emt 0:00:01]} Bxf1 {[%emt 0:00:08]} 35. Kxf1 {[%emt 0:00:01]} Bxf6 {[%emt 0:00:03]} 36. Bf4 {[%emt 0:00:10]} Bd4 {[%emt 0:00:30]} 37. b4 {[%emt 0:00:21]} f5 {[%emt 0:00:21]} 38. Ke2 {[%emt 0:00:31]} Kf7 {[%emt 0:00:04]} 39. Kd2 {[%emt 0:01:46]} Ke6 {[%emt 0:00:41]} 40. h3 {[%emt 0:00:00]} Be5 {[%emt 0:00:00]} 41. Bh6 {[%emt 0:04:25]} f4 {[%emt 0:02:39]} 42. Ke2 {[%emt 0:00:35]} Kf5 {[%emt 0:00:15]} 43. a4 {[%emt 0:00:48]} Bd6 {[%emt 0:00:36]} 44. c5 {[%emt 0:04:48]} Be7 {[%emt 0:00:05]} 45. Bg7 {[%emt 0:00:43]} Ke6 {[%emt 0:00:06]} 46. a5 {[%emt 0:02:53]} Kd5 {[%emt 0:00:46]} 47. Bc3 {[%emt 0:00:41]} Kc4 {[%emt 0:00:12]} 48. Be1 {[%emt 0:01:35]} g5 {[%emt 0:00:07]} 49. g3 {[%emt 0:03:15]} Bf6 {[%emt 0:00:08]} 50. h4 {[%emt 0:08:18]} Bd4 0-1

[Event "USA-ch Junior Girls 2019"]
[Site "Saint Louis"]
[Date "2019.07.12"]
[Round "2.5"]
[White "Yan, Ruiyang"]
[Black "Li, Rachael"]
[Result "1-0"]
[WhiteElo "1851"]
[BlackElo "1736"]
[Annotator "NA RC"]
[PlyCount "131"]
[EventDate "2019.07.09"]
[EventType "tourn"]
[EventCountry "USA"]
[SourceTitle "playchess.com"]
[Source "ChessBase"]
[SourceQuality "1"]
[TimeControl "40/5400+30:1800+30"]

1. e4 {[%emt 0:00:00]} e5 {[%emt 0:00:00]} 2. Nf3 {[%emt 0:00:00]} Nf6 {[%emt 0:00:00]} 3. Nxe5 {[%emt 0:00:00]} d6 {[%emt 0:00:00]} 4. Nf3 {[%emt 0:00:00]} Nxe4 {[%emt 0:00:00]} 5. Nc3 {[%emt 0:00:02]} Nxc3 {[%emt 0:00:00]} 6. dxc3 {[%emt 0:00:05]} Be7 {[%emt 0:00:05]} 7. Be3 {[%emt 0:00:14]} Nc6 {[%emt 0:00:07]} 8. Bd3 {[%emt 0:00:15]} Be6 {[%emt 0:00:05]} 9. Qe2 {[%emt 0:00:11]} Qd7 {[%emt 0:00:26]} 10. O-O-O {[%emt 0:00:34]} a6 {[%emt 0:02:13]} 11. Kb1 {[%emt 0:00:11]} O-O-O {[%emt 0:01:57]} 12. h3 {[%emt 0:00:27]} Kb8 {[%emt 0:00:34]} 13. Rhe1 {[%emt 0:01:28]} Bf6 {[%emt 0:01:43]} 14. Nd4 {[%emt 0:16:00]} Nxd4 {[%emt 0:08:55]} 15. cxd4 {[%emt 0:00:07]} d5 {[%emt 0:01:46]} 16. Qf3 {[%emt 0:00:20]} Qa4 17. c3 {[%emt 0:00:45]} Rd6 {[%emt 0:11:59]} 18. Bc2 {[%emt 0:01:24]} Qb5 {[%emt 0:04:11]} 19. Qe2 {[%emt 0:01:39]} Qxe2 {[%emt 0:04:12]} 20. Rxe2 {[%emt 0:00:02]} Rd7 {[%emt 0:02:54]} 21. Rde1 {[%emt 0:00:54]} Re7 {[%emt 0:00:37]} 22. Bf4 {[%emt 0:09:05]} Rhe8 {[%emt 0:00:49]} 23. Kc1 {[%emt 0:00:27]} h6 {[%emt 0:00:38]} 24. Be5 {[%emt 0:01:58]} Bd7 {[%emt 0:03:41]} 25. Bd3 {[%emt 0:04:31]} Bxe5 {[%emt 0:02:53]} 26. dxe5 {[%emt 0:01:15]} c5 {[%emt 0:05:11]} 27. f4 {[%emt 0:01:08]} h5 {[%emt 0:04:05]} 28. Kd2 {[%emt 0:01:12]} Kc7 {[%emt 0:00:12]} 29. b4 {[%emt 0:01:13]} b6 {[%emt 0:03:10]} 30. f5 {[%emt 0:04:05]} d4 {[%emt 0:06:00]} 31. cxd4 {[%emt 0:00:12]} cxd4 {[%emt 0:00:17]} 32. h4 {[%emt 0:13:01]} Bc6 {[%emt 0:07:48]} 33. f6 {[%emt 0:04:27]} gxf6 {[%emt 0:00:59]} 34. exf6 {[%emt 0:00:05]} Rxe2+ {[%emt 0:01:45]} 35. Rxe2 {[%emt 0:00:09]} Rxe2+ {[%emt 0:02:18]} 36. Bxe2 {[%emt 0:00:05]} Bxg2 {[%emt 0:02:14]} 37. Bxh5 {[%emt 0:03:49]} Kd6 {[%emt 0:00:52]} 38. Bxf7 {[%emt 0:00:23]} Ke5 {[%emt 0:00:08]} 39. Bc4 {[%emt 0:00:07]} Kxf6 {[%emt 0:00:12]} 40. Bxa6 {[%emt 0:00:00]} Kg6 {[%emt 0:00:00]} 41. Be2 {[%emt 0:00:25]} Bc6 {[%emt 0:04:10]} 42. Bd1 {[%emt 0:00:54]} Kf5 {[%emt 0:01:04]} 43. a4 {[%emt 0:00:25]} Bb7 {[%emt 0:00:35]} 44. h5 {[%emt 0:00:14]} Bc6 {[%emt 0:00:16]} 45. a5 {[%emt 0:00:07]} bxa5 {[%emt 0:00:04]} 46. bxa5 {[%emt 0:00:06]} Bb7 {[%emt 0:00:18]} 47. Kd3 {[%emt 0:00:12]} Ke5 {[%emt 0:00:57]} 48. h6 {[%emt 0:00:21]} Bc6 {[%emt 0:02:21]} 49. Kc4 {[%emt 0:01:37]} Kf6 {[%emt 0:04:58]} 50. Kxd4 {[%emt 0:00:37]} Bb7 {[%emt 0:00:40]} 51. Bc2 {[%emt 0:00:10]} Bc8 {[%emt 0:00:14]} 52. Kc5 {[%emt 0:00:06]} Ba6 {[%emt 0:00:06]} 53. Kb6 {[%emt 0:00:05]} Bc8 {[%emt 0:00:05]} 54. Bd3 {[%emt 0:00:08]} Kf7 {[%emt 0:00:25]} 55. Kc7 {[%emt 0:00:04]} Bh3 {[%emt 0:00:11]} 56. a6 {[%emt 0:00:06]} Bg2 {[%emt 0:00:14]} 57. a7 {[%emt 0:00:03]} Kg8 {[%emt 0:00:07]} 58. Bb5 {[%emt 0:00:07]} Kh7 {[%emt 0:00:14]} 59. Bc6 {[%emt 0:00:04]} Bh3 {[%emt 0:00:06]} 60. a8=Q {[%emt 0:00:05]} Kg6 {[%emt 0:00:08]} 61. Be4+ {[%emt 0:00:12]} Kh5 {[%emt 0:04:06]} 62. h7 {[%emt 0:00:07]} Kg5 {[%emt 0:00:08]} 63. h8=Q {[%emt 0:00:10]} Be6 {[%emt 0:00:07]} 64. Qe5+ {[%emt 0:00:06]} Kg4 {[%emt 0:00:08]} 65. Bf3+ {[%emt 0:00:05]} Kh3 {[%emt 0:00:08]} 66. Qah8# {[%emt 0:00:04]} 1-0

[Event "USA-ch Junior Girls 2019"]
[Site "Saint Louis"]
[Date "2019.07.13"]
[Round "3.1"]
[White "Li, Rachael"]
[Black "Cervantes Landeiro, Thalia"]
[Result "0-1"]
[WhiteElo "1736"]
[BlackElo "2147"]
[Annotator "TA"]
[PlyCount "150"]
[EventDate "2019.07.09"]
[EventType "tourn"]
[EventCountry "USA"]
[SourceTitle "playchess.com"]
[Source "ChessBase"]
[SourceQuality "1"]

{[%evp 17,154,31,32,14,18,7,10,12,18,-6,-6,-9,0,-16,0,-7,0,-8,-3,-29,6,-33,-31,-29,-22,-53,-64,-53,-56,-64,-64,-58,-19,-28,-4,-27,-14,-8,2,0,0,0,0,0,0,0,0,0,0,0,0,0,0,0,0,0,0,0,0,0,0,0,0,0,0,0,0,0,0,0,0,0,0,-13,0,-13,-13,-13,-13,-13,-13,-13,-13,-13,-13,-13,-13,-13,-7,-7,-7,-7,0,-1184,-7,-4806,-685,-1233,0,-1546,-7732,-6772,-6675,-5863,-5278,-3586,-2181,-499,0,0,0,-804,-812,-12189,-12189,-29970,-29971,-29972,-29973,-29973,-29974,-29972,-29973,-29977,-29970,-29977,-29976,-29981,-29982,-29982,-29983,-29982,-29983,-29993,-29994,-29994,-29995,-29995,-29996]} 1. e4 c5 2. Nc3 a6 3. g3 Nc6 4. Bg2 g6 5. d3 Bg7 6. Be3 d6 7. Qd2 e6 8. Nge2 Nd4 9. O-O Ne7 10. Nd1 {B26: Closed Sicilian: 3 g3, lines with early Be3} O-O 11. c3 (11. Nc1 e5 12. c3 Ndc6 13. Bh6 Bxh6 14. Qxh6 f5 15. Ne2 Be6 16. Ne3 d5 {½-½ (16) Jovanovic,Z (2529)-Szabo,G (2550) Hungary 2013}) 11... Nxe2+ 12. Qxe2 {The position is equal.} b5 $146 {[%cal Bb7b5,Bb5b4][%mdl 32]} ({Predecessor:} 12... Bd7 13. f4 Bc6 {½-½ (44) Canonne,A (1887)-Babar,M (2129) Marianske Lazne 2016}) 13. f4 Bb7 14. Nf2 Rc8 15. Rfd1 b4 16. d4 {With the idea dxc5.} cxd4 17. cxd4 Qc7 18. Rac1 Qa5 19. Nd3 Qxa2 20. Nxb4 Qa4 21. Qd2 a5 22. Nc2 f5 23. e5 Bxg2 $1 24. Kxg2 Nd5 {Hoping for ...Rxc2!} 25. Bf2 Rfd8 26. Ne3 Nxe3+ 27. Qxe3 d5 28. Rxc8 Rxc8 29. Rc1 Rc2 30. Rxc2 Qxc2 31. Qa3 Qe4+ 32. Kg1 Qb1+ 33. Kg2 Bf8 34. Qxa5 Qxb2 35. Qd8 Qb7 36. h3 Qe7 37. Qc8 Kf7 38. g4 Qe8 39. Qc7+ Qe7 40. Qc8 fxg4 41. hxg4 h6 42. Kh2 Qe8 43. Qc7+ Kg8 44. Qc2 Qf7 45. Kg3 Be7 46. Be3 Kg7 47. Qh2 h5 48. Qh3 hxg4 49. Qxg4 Qf5 50. Qxf5 gxf5 $11 {[%mdl 4096] Endgame KB-KB} 51. Bd2 Kf7 52. Kf3 Ke8 53. Ke3 Kd7 54. Kd3 Kc6 55. Be1 $2 {[%mdl 8192]} (55. Kc3 $11) 55... Kb5 $19 56. Bd2 $2 {[%mdl 8192]} (56. Bf2 $11) 56... Bb4 $1 {[%cal Rb4d2] ( -> ...Bxd2)} 57. Bc1 Be1 58. Ke2 Bh4 (58... Bg3 $142 59. Kd3 Be1) 59. Kd3 Kb4 60. Be3 Kb3 61. Bd2 Bf2 62. Bc1 {[#]} Bg1 $2 (62... Be1 $1 $19 63. Be3 Kb4) 63. Bd2 $1 $11 Kb2 64. Bc3+ $2 {[%mdl 8192] [#]} (64. Be1 $11) 64... Kc1 $1 $19 65. Ba5 Bh2 66. Ke3 Kc2 {Black mates.} 67. Bb6 Bg1+ 68. Ke2 Kc3 69. Ba5+ Kc4 70. Kf3 Bxd4 71. Bd2 Kd3 72. Bc1 Bc5 73. Bb2 Kc2 74. Ba1 d4 75. Ke2 d3+ 0-1

[Event "USA-ch Junior Girls 2019"]
[Site "Saint Louis"]
[Date "2019.07.13"]
[Round "3.2"]
[White "Yip, Carissa"]
[Black "Yan, Ruiyang"]
[Result "1/2-1/2"]
[WhiteElo "2285"]
[BlackElo "1851"]
[Annotator "ChessBase"]
[PlyCount "101"]
[EventDate "2019.07.09"]
[EventType "tourn"]
[EventCountry "USA"]
[SourceTitle "playchess.com"]
[Source "ChessBase"]
[SourceQuality "1"]
[TimeControl "40/5400+30:1800+30"]

1. e4 {[%emt 0:00:00]} c5 {[%emt 0:00:00]} 2. Nf3 {[%emt 0:00:00]} d6 {[%emt 0:00:00]} 3. d4 {[%emt 0:00:00]} cxd4 {[%emt 0:00:00]} 4. Nxd4 {[%emt 0:00:00]} Nf6 {[%emt 0:00:00]} 5. Nc3 {[%emt 0:00:00]} a6 {[%emt 0:00:00]} 6. Be3 {[%emt 0:00:00]} e5 {[%emt 0:00:02]} 7. Nf3 {[%emt 0:00:00]} Be7 {[%emt 0:00:07]} 8. Bc4 {[%emt 0:00:11]} O-O {[%emt 0:01:12]} 9. O-O {[%emt 0:00:06]} Nbd7 {[%emt 0:00:33]} 10. a4 {[%emt 0:00:29]} b6 {[%emt 0:00:16]} 11. Nd2 {[%emt 0:24:08]} Bb7 {[%emt 0:01:38]} 12. f3 {[%emt 0:00:33]} Qb8 {[%emt 0:03:12]} 13. Qe2 {[%emt 0:01:36]} Rc8 {[%emt 0:00:58]} 14. Rfd1 {[%emt 0:02:40]} Nc5 {[%emt 0:06:14]} 15. Kh1 {[%emt 0:00:27]} Qc7 {[%emt 0:00:29]} 16. Qf2 {[%emt 0:02:08]} Rd8 {[%emt 0:02:07]} 17. b4 {[%emt 0:15:06]} Ncd7 {[%emt 0:00:47]} 18. Rab1 {[%emt 0:00:12]} Rdc8 {[%emt 0:06:50]} 19. Rb3 {[%emt 0:01:46]} Bc6 {[%emt 0:17:32]} 20. Rc1 {[%emt 0:00:49]} a5 {[%emt 0:05:39]} 21. bxa5 {[%emt 0:01:48]} Rxa5 {[%emt 0:01:12]} 22. Bxb6 {[%emt 0:24:01]} Nxb6 {[%emt 0:00:15]} 23. Qxb6 {[%emt 0:00:11]} Qxb6 {[%emt 0:00:19]} 24. Rxb6 {[%emt 0:00:03]} Bxa4 {[%emt 0:00:30]} 25. Rb7 {[%emt 0:00:11]} Kf8 {[%emt 0:03:15]} 26. Ra1 {[%emt 0:00:46]} Bc6 {[%emt 0:00:20]} 27. Rxa5 {[%emt 0:00:04]} Bxb7 {[%emt 0:00:08]} 28. Ra7 {[%emt 0:00:04]} Bc6 {[%emt 0:00:16]} 29. Bb3 {[%emt 0:01:36]} Ra8 {[%emt 0:01:14]} 30. Rxa8+ {[%emt 0:00:54]} Bxa8 {[%emt 0:00:11]} 31. Nc4 {[%emt 0:00:07]} Bc6 {[%emt 0:00:30]} 32. Kg1 {[%emt 0:00:35]} Nd7 {[%emt 0:01:21]} 33. Na5 {[%emt 0:00:11]} Nb8 {[%emt 0:01:24]} 34. Bd5 {[%emt 0:00:18]} Bxd5 {[%emt 0:00:32]} 35. Nxd5 {[%emt 0:00:05]} Ke8 {[%emt 0:00:59]} 36. Kf2 {[%emt 0:00:17]} Kd7 {[%emt 0:00:19]} 37. Ke2 {[%emt 0:01:12]} Bd8 {[%emt 0:00:10]} 38. Nc4 {[%emt 0:02:08]} Nc6 {[%emt 0:00:15]} 39. c3 {[%emt 0:00:05]} Ke6 {[%emt 0:00:15]} 40. Kd3 {[%emt 0:00:00]} f5 {[%emt 0:00:00]} 41. Nce3 {[%emt 0:01:47]} f4 {[%emt 0:01:07]} 42. Nc2 {[%emt 0:00:43]} Na5 {[%emt 0:02:06]} 43. Na3 {[%emt 0:03:22]} Kd7 {[%emt 0:01:55]} 44. Nc4 {[%emt 0:00:53]} Nb3 {[%emt 0:00:29]} 45. Nb2 {[%emt 0:11:04]} Na5 {[%emt 0:00:16]} 46. Nd1 {[%emt 0:02:56]} Ke6 {[%emt 0:00:43]} 47. Nf2 {[%emt 0:00:18]} Bh4 {[%emt 0:00:41]} 48. Nh1 {[%emt 0:01:03]} Bd8 {[%emt 0:00:19]} 49. g3 {[%emt 0:00:22]} g5 {[%emt 0:00:14]} 50. Nf2 {[%emt 0:00:05]} h5 {[%emt 0:01:03]} 51. g4 {[%emt 0:05:46]} 1/2-1/2

[Event "USA-ch Junior Girls 2019"]
[Site "Saint Louis"]
[Date "2019.07.13"]
[Round "3.3"]
[White "Wu, Rochelle"]
[Black "Bykovtsev, Agata"]
[Result "1-0"]
[WhiteElo "2085"]
[BlackElo "2012"]
[Annotator "NA"]
[PlyCount "61"]
[EventDate "2019.07.09"]
[EventType "tourn"]
[EventCountry "USA"]
[SourceTitle "playchess.com"]
[Source "ChessBase"]
[SourceQuality "1"]
[TimeControl "40/5400+30:1800+30"]

1. e4 {[%emt 0:00:00]} c5 {[%emt 0:00:00]} 2. Nf3 {[%emt 0:00:00]} d6 {[%emt 0:00:00]} 3. d4 {[%emt 0:00:00]} cxd4 {[%emt 0:00:00]} 4. Nxd4 {[%emt 0:00:05]} Nf6 {[%emt 0:00:00]} 5. Nc3 {[%emt 0:00:07]} a6 {[%emt 0:00:00]} 6. h3 {[%emt 0:00:06]} e6 {[%emt 0:00:00]} 7. g4 {[%emt 0:00:09]} Be7 {[%emt 0:00:17]} 8. g5 {[%emt 0:00:08]} Nfd7 {[%emt 0:00:07]} 9. Be3 {[%emt 0:00:09]} Nc6 {[%emt 0:02:05]} 10. h4 {[%emt 0:00:13]} Nxd4 {[%emt 0:10:21]} 11. Qxd4 {[%emt 0:00:34]} O-O {[%emt 0:00:53]} 12. Qd2 {[%emt 0:01:34]} b5 {[%emt 0:03:01]} 13. a3 {[%emt 0:01:12]} Ne5 {[%emt 0:07:27]} 14. O-O-O {[%emt 0:01:40]} Rb8 {[%emt 0:04:52]} 15. f4 {[%emt 0:05:33]} Nc4 {[%emt 0:04:27]} 16. Qe1 {[%emt 0:04:22]} Nxe3 {[%emt 0:11:01]} 17. Qxe3 {[%emt 0:00:28]} b4 {[%emt 0:01:12]} 18. axb4 {[%emt 0:01:55]} Rxb4 {[%emt 0:00:31]} 19. Bd3 {[%emt 0:09:41]} Bb7 {[%emt 0:15:02]} 20. f5 {[%emt 0:07:14]} exf5 {[%emt 0:06:50]} 21. exf5 {[%emt 0:00:52]} Bxh1 {[%emt 0:04:12]} 22. Rxh1 {[%emt 0:01:45]} Re8 {[%emt 0:05:54]} 23. Nd5 {[%emt 0:02:23]} Rxh4 {[%emt 0:04:57]} 24. Rg1 {[%emt 0:00:04]} Ra4 {[%emt 0:09:30]} 25. Kd2 {[%emt 0:08:55]} Bf8 {[%emt 0:03:17]} 26. Nf6+ {[%emt 0:01:02]} gxf6 {[%emt 0:01:10]} 27. gxf6+ {[%emt 0:00:07]} Kh8 {[%emt 0:00:10]} 28. Qg5 {[%emt 0:00:20]} Qa5+ {[%emt 0:05:38]} 29. c3 {[%emt 0:00:18]} Re2+ {[%emt 0:00:25]} 30. Bxe2 {[%emt 0:00:39]} Rd4+ {[%emt 0:01:00]} 31. Kc2 {[%emt 0:00:10]} 1-0

[Event "USA-ch Junior Girls 2019"]
[Site "Saint Louis"]
[Date "2019.07.13"]
[Round "3.4"]
[White "Samadashvili, Martha"]
[Black "Zilajeva, Veronika"]
[Result "1-0"]
[WhiteElo "2124"]
[BlackElo "1855"]
[Annotator "ChessBase"]
[PlyCount "79"]
[EventDate "2019.07.09"]
[EventType "tourn"]
[EventCountry "USA"]
[SourceTitle "playchess.com"]
[Source "ChessBase"]
[SourceQuality "1"]
[TimeControl "40/5400+30:1800+30"]

1. e4 {[%emt 0:00:00]} e6 {[%emt 0:00:00]} 2. d4 {[%emt 0:00:00]} d5 {[%emt 0:00:00]} 3. Nc3 {[%emt 0:00:00]} Nf6 {[%emt 0:00:00]} 4. e5 {[%emt 0:00:00]} Nfd7 {[%emt 0:00:00]} 5. Nce2 {[%emt 0:00:07]} c5 {[%emt 0:00:01]} 6. c3 {[%emt 0:00:03]} Nc6 {[%emt 0:00:07]} 7. a3 {[%emt 0:00:29]} Qb6 {[%emt 0:00:38]} 8. b4 {[%emt 0:00:50]} cxd4 {[%emt 0:01:49]} 9. cxd4 {[%emt 0:00:03]} f6 {[%emt 0:02:17]} 10. f4 {[%emt 0:05:48]} Be7 {[%emt 0:02:07]} 11. Nf3 {[%emt 0:01:41]} O-O {[%emt 0:05:47]} 12. Nc3 {[%emt 0:18:23]} fxe5 {[%emt 0:14:11]} 13. Na4 {[%emt 0:07:12]} Qc7 {[%emt 0:03:17]} 14. dxe5 {[%emt 0:11:10]} Ndxe5 {[%emt 0:14:41]} 15. Be2 {[%emt 0:03:28]} Nxf3+ {[%emt 0:05:51]} 16. Bxf3 {[%emt 0:03:14]} Bf6 {[%emt 0:00:51]} 17. Rb1 {[%emt 0:03:18]} Nd4 {[%emt 0:00:57]} 18. O-O {[%emt 0:01:33]} Bd7 {[%emt 0:06:32]} 19. Nc5 {[%emt 0:02:40]} b6 {[%emt 0:00:54]} 20. Nxd7 {[%emt 0:05:23]} Nxf3+ {[%emt 0:00:59]} 21. Rxf3 {[%emt 0:01:16]} Qxd7 {[%emt 0:00:09]} 22. Rd3 {[%emt 0:02:07]} Rad8 {[%emt 0:02:13]} 23. Be3 {[%emt 0:03:15]} g6 {[%emt 0:06:19]} 24. Bd4 {[%emt 0:04:16]} Qf7 {[%emt 0:01:04]} 25. Qd2 {[%emt 0:04:51]} Rc8 {[%emt 0:01:28]} 26. Re1 {[%emt 0:03:25]} Rc4 {[%emt 0:03:37]} 27. g3 {[%emt 0:03:12]} Rfc8 {[%emt 0:00:47]} 28. Qe3 {[%emt 0:01:15]} Bxd4 {[%emt 0:03:01]} 29. Rxd4 {[%emt 0:00:05]} Rxd4 {[%emt 0:00:13]} 30. Qxd4 {[%emt 0:00:09]} Qf5 {[%emt 0:00:39]} 31. Qd1 {[%emt 0:04:49]} Kf7 {[%emt 0:01:15]} 32. Qa4 {[%emt 0:08:18]} Rc7 {[%emt 0:00:36]} 33. Qd1 {[%emt 0:01:35]} Qc2 {[%emt 0:03:19]} 34. Qg4 {[%emt 0:00:14]} Rc6 {[%emt 0:02:03]} 35. Qh4 {[%emt 0:00:32]} h5 {[%emt 0:01:25]} 36. Qd8 {[%emt 0:01:01]} Rc7 {[%emt 0:02:09]} 37. Qh8 {[%emt 0:00:54]} Rc8 {[%emt 0:09:26]} 38. Qh7+ {[%emt 0:00:06]} Kf6 {[%emt 0:00:06]} 39. f5 {[%emt 0:00:26]} Kxf5 {[%emt 0:01:30]} 40. Qf7+ {[%emt 0:00:00]} 1-0

[Event "USA-ch Junior Girls 2019"]
[Site "Saint Louis"]
[Date "2019.07.13"]
[Round "3.5"]
[White "Feng, Maggie"]
[Black "Nguyen, Emily"]
[Result "0-1"]
[WhiteElo "2198"]
[BlackElo "2102"]
[Annotator "TA"]
[PlyCount "54"]
[EventDate "2019.07.09"]
[EventType "tourn"]
[EventCountry "USA"]
[SourceTitle "playchess.com"]
[Source "ChessBase"]
[SourceQuality "1"]

{[%evp 15,106,-37,-31,-61,-49,-50,-57,-46,-55,-57,-54,-58,-53,-60,-60,-55,-35,-42,-34,-54,-37,-37,-54,-65,-41,-37,-41,-81,-74,-70,-72,-88,-28,-130,-128,-125,-123,-125,-123,-125,-114,-108,-84,-132,-89,-155,-143,-159,-159,-154,-139,-139,-139,-120,-29,-142,-129,-152,-69,-86,-86,-121,-115,-153,-141,-222,-209,-224,-197,-218,-202,-312,-319,-345,-344,-390,-354,-505,-519,-693,-690,-648,-630,-806,-781,-29993,-29994,-29994,-29995,-29995,-29996,-29996,-29997]} 1. Nf3 d5 2. c4 d4 3. g3 Nc6 4. Bg2 e5 5. d3 Bb4+ 6. Nbd2 a5 7. O-O Nf6 8. a3 Be7 9. Qc2 {A09: Réti Opening: 1 Nf3 d5 2 c4} (9. b3 O-O 10. Rb1 Re8 11. Ne1 Bf5 12. Nc2 Bf8 13. b4 axb4 14. axb4 Qd7 15. b5 Na5 16. Nf3 h6 17. Ra1 Bd6 {1-0 (63) Kozul,Z (2597)-Brkic,A (2598) Sarajevo 2018}) 9... Bf5 $146 ({Predecessor:} 9... O-O 10. e3 dxe3 11. fxe3 Bc5 12. Nb3 Ba7 13. c5 a4 14. Nbd2 Qe7 15. b4 axb3 16. Nxb3 e4 17. dxe4 Nxe4 {1-0 (30) Wheeler,C (2424)-Kung,T (2168) Dallas 2018}) 10. Ne4 Nxe4 11. dxe4 {Black is slightly better.} Be6 12. Ne1 Qd7 13. Nd3 a4 14. Bd2 f6 15. f4 exf4 16. gxf4 O-O 17. Kh1 Na5 18. Bxa5 Rxa5 19. Rg1 b6 20. Bf3 Bd6 21. Rg3 Kh8 22. Rag1 Rg8 23. Qc1 Qf7 (23... Qe7 $17) 24. f5 (24. c5 $1 $11 bxc5 25. f5) 24... Bxc4 $17 25. Rh3 {Black must now prevent Bh5.} Bxd3 $1 26. exd3 g5 27. Bh5 Qb3 {Played: Qf7-d7} 0-1